|
|
|
|
| LEADER |
01736cas a2200241 a 4500 |
| 001 |
AALejournalIMF014076 |
| 008 |
230101c9999 xx r poo 0 0eng d |
| 020 |
|
|
|c 5.00 USD
|
| 020 |
|
|
|z 9781484313213
|
| 022 |
|
|
|a 1934-7685
|
| 040 |
|
|
|a BD-DhAAL
|c BD-DhAAL
|
| 110 |
2 |
|
|a International Monetary Fund.
|b African Dept.
|
| 245 |
1 |
0 |
|a Cote d'Ivoire :
|b 2013 Article IV Consultation and Fourth Review Under the Extended Credit Facility Arrangement.
|
| 264 |
|
1 |
|a Washington, D.C. :
|b International Monetary Fund,
|c 2013.
|
| 300 |
|
|
|a 1 online resource (144 pages)
|
| 490 |
1 |
|
|a IMF Staff Country Reports
|
| 500 |
|
|
|a <strong>Off-Campus Access:</strong> No User ID or Password Required
|
| 500 |
|
|
|a <strong>On-Campus Access:</strong> No User ID or Password Required
|
| 506 |
|
|
|a Electronic access restricted to authorized BRAC University faculty, staff and students
|
| 520 |
3 |
|
|a This 2013 Article IV Consultation highlights that Cote d'Ivoire is recovering from a long period of economic stagnation and political conflict that culminated in the post-election crisis of end-2010 and early 2011. The conflict caused real per capita income to fall by more than 40 percent from its 1978 peak level. Following the post-election crisis, the new government started the process of sociopolitical normalization, and quickly put in place an economic recovery program. Growth is projected to reach 8.7 percent in 2013, while inflation is expected to remain below the regional convergence criterion of 3 percent.
|
| 538 |
|
|
|a Mode of access: Internet
|
| 830 |
|
0 |
|a IMF Staff Country Reports; Country Report ;
|v No. 2013/367
|
| 856 |
4 |
0 |
|z Full text available on IMF
|u http://elibrary.imf.org/view/journals/002/2013/367/002.2013.issue-367-en.xml
|z IMF e-Library
|